000 00909nam a2200313 i 4500
001 768714001
003 CO-MdFUSB
005 20210205170942.0
007 ta
008 200529t1992 sp |||| |||| 00| 0 spa d
020 _a8429305963
040 _aCO-MdFUSB
_bspa
_cCO-MdFUSB
_dCO-MdFUSBC
_erda
041 _aeng
082 _223
_a234.2
_bJ585
110 _aEquipo de Conciliarios C.V.X. Berchmans
245 _aJesucristo :
_bcatecumenado para universitarios 1
_c/ Equipo de Conciliarios C.V.X. Berchmans
250 _aprimera edición
264 1 _aEspaña :
_bSal Terrae,
_c[1992]
264 4 _c© 1992
300 _a222 pàginas
_c; 21 cm
336 _2rdacontent
_atexto
_btxt
337 _2rdamedia
_asin mediación
_bn
338 _2rdacarrier
_avolumen
_bnc
490 _aColección pastoral,
563 _aRústico
653 _amovimiento ecuménico
942 _cBK
945 _aJTF-925
999 _c65919
_d65919